Languages : Animals from Swedish to English - Statistics

General Stats
  • This quiz has been taken 206 times
  • The average score is 7 of 10
Answer Stats
Swedish Answer % Correct
Hund Dog
99%
Björn Bear
87%
Fågel Bird
86%
Ko Cow
77%
Varg Wolf
74%
Haj Shark
65%
Myra Ant
57%
Orm Snake
53%
Marsvin Guinea pig
37%
Loppa Flea
17%
No matching quizzes found
Score Distribution
Percent of People with Each Score
Percentile by Number Answered
Your Score History
You have not taken this quiz